[Event "GER-chT School WK 2"]
[Site "Playchess.com INT"]
[Date "2020.06.08"]
[Round "3.2"]
[White "Papadopoulos, Ioannis1"]
[Black "Nourzad, Shayan"]
[Result "1-0"]
[WhiteElo "2020"]
[BlackElo "1838"]
[PlyCount "77"]
[EventDate "2020.06.08"]
[EventType "team-swiss (blitz)"]
[EventRounds "7"]
[EventCountry "GER"]
[SourceTitle "EXT 2021"]
[Source "ChessBase"]
[SourceDate "2020.10.23"]
[SourceVersion "1"]
[SourceVersionDate "2020.10.23"]
[SourceQuality "1"]
[WhiteTeam "Oberursel Gymn"]
[BlackTeam "Theodor Gymn"]
[WhiteTeamCountry "GER"]
[BlackTeamCountry "GER"]

1. e4 d6 2. d4 Nf6 3. Nc3 Nbd7 4. f4 c6 5. Nf3 Qc7 6. Bd3 e5 7. dxe5 dxe5 8. 0-0 Be7 9. h3 0-0 10. Be3 Re8 11. f5 Bc5 12. Qe1 Qb6 13. Bxc5 Nxc5 14. Kh2 Nxd3 15. cxd3 Qxb2 16. Rb1 Qa3 17. g4 h6 18. Rg1 Qd6 19. Qe3 Nh7 20. g5 hxg5 21. Nxg5 Qh6 22. Qg3 Nxg5 23. Qxg5 Qxg5 24. Rxg5 f6 25. Rg3 Kf7 26. Na4 b6 27. Nb2 Ba6 28. Nd1 Rad8 29. Nf2 Rd4 30. Rh1 Ra4 31. Rhg1 Rg8 32. Ng4 Rxa2+ 33. Kh1 Rh8 34. Nh2 Rh7 35. Nf3 Ra3 36. d4 exd4 37. Ng5+ fxg5 38. Rxa3 Bd3 39. Rxd3 1-0

[Event "GER-chT U14"]
[Site "Magdeburg"]
[Date "2019.12.28"]
[Round "4.5"]
[White "Reichmann, Felix"]
[Black "Nourzad, Shayan"]
[Result "1/2-1/2"]
[WhiteElo "1791"]
[BlackElo "1782"]
[PlyCount "237"]
[EventDate "2019.12.27"]
[EventType "team-swiss"]
[EventRounds "7"]
[EventCountry "GER"]
[SourceTitle "CBM 194 Extra"]
[Source "ChessBase"]
[SourceDate "2020.03.31"]
[SourceVersion "1"]
[SourceVersionDate "2020.03.31"]
[SourceQuality "1"]
[WhiteTeam "Berlin Nord Ost"]
[BlackTeam "Paderborn"]
[WhiteTeamCountry "GER"]
[BlackTeamCountry "GER"]

1. c4 Nf6 2. g3 c5 3. Bg2 d5 4. cxd5 Nxd5 5. Nc3 Nc7 6. e3 Nc6 7. Nge2 e6 8. 0-0 Be7 9. b3 Bd7 10. Bb2 0-0 11. Rc1 Rc8 12. Ne4 b6 13. d4 cxd4 14. Nxd4 Nd5 15. Nxc6 Bxc6 16. Qd4 f6 17. Bh3 Bd7 18. a3 Kh8 19. b4 e5 20. Qxd5 Bxh3 21. Qxd8 Rfxd8 22. Rxc8 Rxc8 23. Rc1 Rd8 24. f3 Bf5 25. Kf2 Kg8 26. Ke2 a5 27. Rc7 Kf8 28. Bc3 axb4 29. Bxb4 Bxb4 30. axb4 Bxe4 31. fxe4 Ra8 32. Rc2 Ra4 33. Rb2 Ra3 34. b5 Kf7 35. h3 Kg6 36. Rd2 Rb3 37. Rd5 Kg5 38. Kf3 h5 39. h4+ Kg6 40. Kf2 Kf7 41. Rd7+ Kf8 42. Rd8+ Ke7 43. Rh8 g6 44. Rh7+ Kf8 45. Rc7 Rxb5 46. Rc6 Rb2+ 47. Ke1 Kg7 48. Rc7+ Kh6 49. Rc6 Rg2 50. Rxb6 Rxg3 51. Rxf6 Rxe3+ 52. Kf2 Rxe4 53. Kg3 Rg4+ 54. Kh3 e4 55. Rf7 Rg1 56. Re7 Re1 57. Kg2 e3 58. Kf3 Rf1+ 59. Kg2 Re1 60. Kf3 Rh1 61. Kg3 Rg1+ 62. Kh3 Re1 63. Kg2 e2 64. Kh2 Rf1 65. Rxe2 Kg7 66. Re3 Kf6 67. Rg3 Kf5 68. Rg5+ Kf6 69. Rg3 Rf2+ 70. Kh3 Rf4 71. Rg5 Rf1 72. Kg2 Rf4 73. Kh3 Re4 74. Rg3 Re6 75. Rg5 Re5 76. Rg3 Rf5 77. Kg2 Kf7 78. Kh3 Rf6 79. Rg5 Ke6 80. Kg2 Kf7 81. Rg3 Rf5 82. Rg5 Kf6 83. Kg3 Rf1 84. Kg2 Ra1 85. Rg3 Ra2+ 86. Kh3 Ra6 87. Rg5 Ra4 88. Kg3 Rb4 89. Kh3 Rb1 90. Kg2 Rb3 91. Kh2 Re3 92. Kg2 Re5 93. Rg3 Rd5 94. Kh2 Ra5 95. Rg5 Ra3 96. Kg2 Re3 97. Kh2 Rf3 98. Kg2 Rf4 99. Kh3 Re4 100. Rg3 Re6 101. Rg5 Re1 102. Kg2 Rb1 103. Kh2 Re1 104. Kg2 Re2+ 105. Kh3 Re5 106. Rg3 Rf5 107. Kg2 Rc5 108. Kh2 Rc1 109. Kg2 Rc6 110. Rg5 Re6 111. Kh2 Rd6 112. Kg2 Rd1 113. Rg3 Ra1 114. Kh2 Rc1 115. Kg2 Rc2+ 116. Kh3 Rf2 117. Rg5 Rf4 118. Rg3 Re4 119. Rg5 1/2-1/2

[Event "GER-chT U14"]
[Site "Magdeburg"]
[Date "2018.12.27"]
[Round "2.3"]
[White "Wang, Xinyuan1"]
[Black "Nourzad, Shayan"]
[Result "1-0"]
[WhiteElo "1748"]
[BlackElo "1628"]
[PlyCount "51"]
[EventDate "2018.12.27"]
[EventType "team-swiss"]
[EventRounds "7"]
[EventCountry "GER"]
[SourceTitle "CBM 188 Extra"]
[Source "ChessBase"]
[SourceDate "2019.02.28"]
[SourceVersion "1"]
[SourceVersionDate "2019.02.28"]
[SourceQuality "1"]
[WhiteTeam "Karlsruhe SF"]
[BlackTeam "Paderborn"]
[WhiteTeamCountry "GER"]
[BlackTeamCountry "GER"]

1. d4 Nf6 2. c4 g6 3. Nc3 d5 4. cxd5 Nxd5 5. e4 Nxc3 6. bxc3 Bg7 7. Bc4 0-0 8. Ne2 c5 9. Be3 Qa5 10. 0-0 Nc6 11. Rb1 a6 12. Qc1 b5 13. Bb3 c4 14. Bc2 Bb7 15. f3 Rab8 16. a3 Rfd8 17. Ra1 e6 18. Qe1 Qb6 19. Qf2 Qa5 20. d5 Ba8 21. dxc6 Bxc6 22. Bd4 e5 23. Be3 Bf8 24. f4 Qc7 25. fxe5 Bg7 26. Bf4 1-0

[Event "GER-chT U12"]
[Site "Magdeburg"]
[Date "2016.12.30"]
[Round "7.2"]
[White "Nourzad, Shayan"]
[Black "Hoegner, Tom"]
[Result "0-1"]
[WhiteElo "1274"]
[BlackElo "1550"]
[PlyCount "72"]
[EventDate "2016.12.27"]
[EventType "team-swiss"]
[EventRounds "7"]
[EventCountry "GER"]
[SourceTitle "EXT 2018"]
[Source "ChessBase"]
[SourceDate "2017.10.13"]
[SourceVersion "1"]
[SourceVersionDate "2017.10.13"]
[SourceQuality "1"]
[WhiteTeam "Paderborn Akademie"]
[BlackTeam "Erlangen"]
[WhiteTeamCountry "GER"]
[BlackTeamCountry "GER"]

1. d4 d5 2. Bf4 e6 3. Nf3 c5 4. e3 Nc6 5. c3 Nf6 6. Bd3 c4 7. Bc2 Bd6 8. Bg3 Bxg3 9. hxg3 0-0 10. Nfd2 h6 11. g4 Nh7 12. f4 f6 13. Bg6 Ne7 14. Qc2 Nxg6 15. Qxg6 Kh8 16. Nf3 Bd7 17. Qc2 e5 18. f5 e4 19. Nh4 Be8 20. Qf2 Kg8 21. Nd2 a5 22. a4 Qb6 23. Nf1 Qb3 24. Ra3 Qb6 25. Ng3 Qd6 26. Nh5 Bxh5 27. gxh5 Rfb8 28. Ng6 b5 29. axb5 Rxb5 30. Ra2 a4 31. 0-0 a3 32. Rfa1 Rab8 33. Rb1 Rb3 34. Qc2 Nf8 35. Nf4 R8b5 36. Rxa3 Qd8 0-1

[Event "GER-chT U12"]
[Site "Magdeburg"]
[Date "2016.12.29"]
[Round "5.2"]
[White "Nourzad, Shayan"]
[Black "Helbig, Fabian Linus"]
[Result "1-0"]
[WhiteElo "1274"]
[BlackElo "1088"]
[PlyCount "91"]
[EventDate "2016.12.27"]
[EventType "team-swiss"]
[EventRounds "7"]
[EventCountry "GER"]
[SourceTitle "EXT 2018"]
[Source "ChessBase"]
[SourceDate "2017.10.13"]
[SourceVersion "1"]
[SourceVersionDate "2017.10.13"]
[SourceQuality "1"]
[WhiteTeam "Paderborn Akademie"]
[BlackTeam "Graefenhainichen"]
[WhiteTeamCountry "GER"]
[BlackTeamCountry "GER"]

1. d4 d5 2. Bf4 Nc6 3. Nf3 Bf5 4. c3 Nf6 5. e3 e6 6. Bb5 Bd6 7. Qa4 Qd7 8. Bxd6 cxd6 9. Nbd2 0-0 10. 0-0 a6 11. Be2 b5 12. Qd1 e5 13. Nb3 Rfb8 14. Qd2 a5 15. Nc1 a4 16. a3 Bg4 17. Ne1 Bxe2 18. Nxe2 Ne7 19. Nc2 Ng6 20. Nb4 Qg4 21. Ng3 Nh5 22. Nxd5 f5 23. Nxh5 Qxh5 24. Rae1 Nh4 25. Qe2 Qg5 26. f4 exf4 27. exf4 Qg4 28. Qxg4 fxg4 29. Re6 Re8 30. Rfe1 Rxe6 31. Rxe6 Ng6 32. Rxd6 Rf8 33. g3 h5 34. Rxg6 Kh7 35. Rg5 g6 36. Kf2 Rf5 37. Rxf5 gxf5 38. Nc7 Kg7 39. Nxb5 Kf7 40. Ke3 Ke6 41. c4 Kd7 42. d5 Kc8 43. Kd4 Kb7 44. Ke5 Kb6 45. Ke6 Kb7 46. c5 1-0

[Event "GER-chT U10"]
[Site "Magdeburg"]
[Date "2015.12.29"]
[Round "7.2"]
[White "Menzner, Paul"]
[Black "Nourzad, Shayan"]
[Result "1-0"]
[WhiteElo "1007"]
[BlackElo "929"]
[PlyCount "45"]
[EventDate "2015.12.27"]
[EventType "team-swiss"]
[EventRounds "7"]
[EventCountry "GER"]
[SourceTitle "EXT 2017"]
[Source "ChessBase"]
[SourceDate "2016.10.25"]
[SourceVersion "1"]
[SourceVersionDate "2016.10.25"]
[SourceQuality "1"]
[WhiteTeam "Vaterstetten"]
[BlackTeam "Paderborn Akademie II"]
[WhiteTeamCountry "GER"]
[BlackTeamCountry "GER"]

1. e4 e6 2. Nc3 d5 3. exd5 exd5 4. Nf3 Bg4 5. h3 Bf5 6. d4 Nc6 7. Bb5 Bd7 8. Nxd5 a6 9. Bxc6 Bxc6 10. Nc3 Bd7 11. 0-0 c5 12. Qe2+ Be6 13. d5 Qe7 14. dxe6 fxe6 15. Re1 Qd6 16. Qe4 Rb8 17. Bf4 Qd8 18. Bxb8 Qxb8 19. Qxe6+ Be7 20. Nd5 a5 21. Nxe7 Kf8 22. Nxg8 Rxg8 23. Qe7# 1-0